| 000 | 05156cam a22018854i 4500 | ||
|---|---|---|---|
| 003 | PE-LiUPU | ||
| 005 | 20250813165346.0 | ||
| 008 | 150608s2011 ck a rb 000 0 spa d | ||
| 020 | _a9789588675923 | ||
| 020 | _a9588675928 | ||
| 035 | _a(Sirsi) i9789588675923 | ||
| 040 |
_aE7B _bspa _erda _cE7B _dOCLCO _dOCLCF _cPE-LiUPU _erda |
||
| 049 | _aPRUA | ||
| 050 | 1 | 4 |
_aHD69.P75 _bG158 2011eb |
| 082 | 0 | 4 |
_a658.11 _bG14 |
| 100 | 1 |
_aGalindo Ruiz, Carlos, _eautor. |
|
| 245 | 1 | 0 |
_aFormulación y evaluación de planes de negocio / _cCarlos Julio Galindo Ruíz. |
| 264 | 1 |
_aBogotá : _bEdiciones de la U, _c2011. |
|
| 300 |
_a304 páginas : _bilustraciones ; _c24 centímetros. |
||
| 336 |
_atext _2rdacontent |
||
| 337 |
_aunmediated _2rdamedia |
||
| 338 |
_avolume _2rdacarrier |
||
| 490 | 1 | _aGestión y emprendimiento | |
| 505 | _aGeneralidades -- Marco teórico: histórico, refencial y conceptual -- Plan de marketing -- Distribución de planta -- Producción - servucción -- Estructura organizacional y legal -- Evaluación financiera -- Riesgo - proyectos y planes de negocios -- Plan de exportación -- Responsabilidad social y ambiental de los proyectos -- Aplicación práctica para un producto -- Muebles y sillas "HONDA" -- Plan de marketing -- Aplicación práctica para un servicio. | ||
| 526 | _aP203 | ||
| 526 | _aP200 | ||
| 526 | _aSEG65 | ||
| 526 | _aSEG64 | ||
| 526 | _aSEG63 | ||
| 526 | _aSEG62 | ||
| 526 | _aSEG61 | ||
| 526 | _aSEG60 | ||
| 526 | _aSEG59 | ||
| 526 | _aSEG58 | ||
| 526 | _aSEG57 | ||
| 526 | _aSEG56 | ||
| 526 | _aSEG55 | ||
| 526 | _aSEG54 | ||
| 526 | _aSEG53 | ||
| 526 | _aSEG52 | ||
| 526 | _aSEG51 | ||
| 526 | _aSEG50 | ||
| 526 | _aSEG49 | ||
| 526 | _aSEG48 | ||
| 526 | _aSEG47 | ||
| 526 | _aSEG46 | ||
| 526 | _aSEG24 | ||
| 526 | _aSEG23 | ||
| 526 | _aSEG22 | ||
| 526 | _aSEG21 | ||
| 526 | _aSEG20 | ||
| 526 | _aSEG19 | ||
| 526 | _aSEG18 | ||
| 526 | _aSEG17 | ||
| 526 | _aSEG16 | ||
| 526 | _aSEG14 | ||
| 526 | _aSEG13 | ||
| 526 | _aSEG12 | ||
| 526 | _aSEG11 | ||
| 526 | _aSEG10 | ||
| 526 | _aSEG09 | ||
| 526 | _aSEG06 | ||
| 526 | _aSEG05 | ||
| 526 | _aSEG04 | ||
| 526 | _aSEG03 | ||
| 526 | _aSEG02 | ||
| 526 | _aSEG68 | ||
| 526 | _aSEG66 | ||
| 526 | _aSEG45 | ||
| 526 | _aSEG25 | ||
| 526 | _aSEG01 | ||
| 526 | _aP163 | ||
| 526 | _aP162 | ||
| 526 | _aP161 | ||
| 526 | _aP160 | ||
| 526 | _aP159 | ||
| 526 | _aP158 | ||
| 526 | _aP157 | ||
| 526 | _aP156 | ||
| 526 | _aP155 | ||
| 526 | _aP154 | ||
| 526 | _aP153 | ||
| 526 | _aP152 | ||
| 526 | _aP151 | ||
| 526 | _aP150 | ||
| 526 | _aP149 | ||
| 526 | _aP142 | ||
| 526 | _aP141 | ||
| 526 | _aP140 | ||
| 526 | _aP139 | ||
| 526 | _aP138 | ||
| 526 | _aP137 | ||
| 526 | _aP132 | ||
| 526 | _aP131 | ||
| 526 | _aP130 | ||
| 526 | _aP126 | ||
| 526 | _aP125 | ||
| 526 | _aP124 | ||
| 526 | _aP123 | ||
| 526 | _aP115 | ||
| 526 | _aP122 | ||
| 526 | _aP121 | ||
| 526 | _aP116 | ||
| 526 | _a P114 | ||
| 526 | _aP112 | ||
| 526 | _aP111 | ||
| 526 | _aP104 | ||
| 526 | _aP103 | ||
| 526 | _aP102 | ||
| 526 | _aP101 | ||
| 526 | _aP100 | ||
| 526 | _aP96 | ||
| 526 | _aP95 | ||
| 526 | _aP93 | ||
| 526 | _aP92 | ||
| 526 | _aP91 | ||
| 526 | _aP88 | ||
| 526 | _aP83 | ||
| 526 | _aP82 | ||
| 526 | _aP79 | ||
| 526 | _aP78 | ||
| 526 | _aP75 | ||
| 526 | _aP74 | ||
| 526 | _aP71 | ||
| 526 | _aP69 | ||
| 526 | _a P51 | ||
| 526 | _aP49 | ||
| 526 | _aP48 | ||
| 526 | _aP47 | ||
| 526 | _aP33 | ||
| 526 | _aP31 | ||
| 526 | _a P30 | ||
| 526 | _aP29 | ||
| 526 | _aP27 | ||
| 526 | _aP26 | ||
| 526 | _aP25 | ||
| 526 | _aP24 | ||
| 526 | _a P22 | ||
| 526 | _aP10 | ||
| 526 | _aP09 | ||
| 526 | _a P08 | ||
| 526 | _aP06 | ||
| 526 | _aP05 | ||
| 526 | _aP04 | ||
| 526 | _aP01 | ||
| 650 | 0 | _aProject management. | |
| 650 | 4 | _aPlanes de negocios. | |
| 910 |
_armch _btqv _cemss _d20160705 |
||
| 910 |
_adbm _bncf _cncf _d20181227 |
||
| 942 |
_2ddc _cBOOK |
||
| 949 |
_a658.11 G14 2011 _wDEWEY _c1 _iFJ00658 _lCCODEBUJ1 _mBUJ _p30.67 _r0 _sY _tBOOK _u2016-7-5 _xFCE _PP04 _0COMPRA _o.STAFF. Coleccion General Juliaca |
||
| 949 |
_a658.11 G14 2011 _wDEWEY _c2 _iFJ00659 _lCCODEBUJ1 _mBUJ _p30.57 _r0 _sY _tBOOK _u2016-7-5 _xFCE _PP04 _0COMPRA _o.STAFF. Coleccion General Juliaca |
||
| 994 |
_aC0 _bPEPRU |
||
| 596 | _a1 3 | ||
| 999 |
_a658.11 G14 _wDEWEY _c10400 _iFJ00658 _d10400 _e2018-5-28 _f2022-1-31 _g4 _lCCODEBUJ1 _mBUJ _n1 _p30.67 _q2 _r0 _sY _tBOOK _u2016-7-5 _xFCE _PP04 _0COMPRA _o.STAFF. Coleccion General Juliaca |
||
| 999 |
_a658.11 G14 _wDEWEY _c2 _iFJ00659 _d2019-11-20 _e2019-8-9 _f2022-1-31 _g4 _lCCODEBUJ1 _mBUJ _n2 _p30.57 _q5 _r0 _sY _tBOOK _u2016-7-5 _xFCE _PP04 _0COMPRA _o.STAFF. Coleccion General Juliaca |
||
| 999 |
_a658.11 G14 _wDEWEY _c1 _i79706 _f2021-11-8 _g4 _lCCODEBUL1 _mBUL _p29.99 _r0 _sY _tBOOK _u2018-12-27 _xFCE _PP08 _0DONACION _1FCOMPR2 _o.STAFF. Colección Ciencias Empresariales |
||
| 980 |
_81 _gALBERTO SANCHEZ Responsable de Automatización |
||